| 000 | 00837aam a2200313 4500 | ||
|---|---|---|---|
| 005 | 20160726100918.0 | ||
| 008 | 150604b xxu||||| |||| 00| 0 spa d | ||
| 041 | _aEspañol | ||
| 082 |
_a658.8 _bS792f |
||
| 100 |
_aStanton, William _912436 |
||
| 245 | _aFundamentos de marketing | ||
| 250 | _a13 edición. | ||
| 260 | _aMéxico | ||
| 260 | _bMcGraw-Hill | ||
| 260 | _c2004 | ||
| 300 | _a764 páginas | ||
| 500 | _aCONTIENE DISCO COMPACTO N 234 | ||
| 650 |
_aMERCADEO _9270 |
||
| 650 |
_aMARKETING _92507 |
||
| 650 |
_aINVESTIGACIÓN DE MERCADOS _93416 |
||
| 650 |
_aSELECCION DE MERCADOS _912437 |
||
| 650 |
_aDISTRIBUCIÓN _9803 |
||
| 650 |
_aPROMOCIÓN _9685 |
||
| 650 |
_aMERCADOS GLOBALES _912438 |
||
| 650 |
_aMERCADOS DE NEGOCIOS _98886 |
||
| 650 |
_aMARCAS _94700 |
||
| 650 |
_aPUBLICIDAD _9494 |
||
| 942 | _cBK | ||
| 999 |
_c1191 _d1191 |
||